| 000 | 00696nam a2200253 a 4500 | ||
|---|---|---|---|
| 003 | AR-BaBNM | ||
| 005 | 20251128203219.0 | ||
| 008 | 082120s2002 ||||||||||||||000 | spa|| | ||
| 040 | _cAR-BaBNM | ||
| 100 | 1 | _aBefumo Boschi, Liliana | |
| 245 | 0 | 0 | _aNostalgia del futuro en la obra de Carlos Fuentes |
| 260 |
_aBuenos Aires _bFernando GarcĂa Cambeiro _c1974 |
||
| 300 | _a193 p. | ||
| 490 | 0 |
_aEstudios latinoamericanos _vv. 8 |
|
| 650 | 4 | _aLITERATURA MEXICANA | |
| 650 | 4 | _aANALISIS LITERARIO | |
| 650 | 4 | _aMITOLOGIA | |
| 653 | _aBOOM LATINOAMERICANO | ||
| 655 | _aLITERATURA | ||
| 700 | 1 | _aCalbrese, Elisa | |
| 800 | 1 |
_aMaturo, Graciela _edirector |
|
| 942 | _cBK | ||
| 998 | _cisola | ||
| 999 |
_c2426 _d2426 |
||